| 000 | 00919nam a2200313Ic 4500 | ||
|---|---|---|---|
| 001 | 60225 | ||
| 003 | CO-BoRNBP | ||
| 005 | 20251216202913.0 | ||
| 007 | ta | ||
| 008 | 121119s2002 ck a gr 000 0 spa | ||
| 020 | _a8484031098 | ||
| 040 |
_aCO-BoRNBP _bspa _erda _cCO-BoRNBP |
||
| 041 | 1 | _aspa | |
| 082 | 0 | 4 |
_a595.7 _bI57 |
| 245 | 0 | 0 |
_aInsectos / _ctraducción de Javier Alfonso López. |
| 250 | _aTercera edición | ||
| 264 | 1 |
_aBogotá, Colombia : _bPlaneta, _c2002 |
|
| 300 |
_a64 páginas : _bilustraciones |
||
| 336 |
_atexto _btxt _2rdacontent |
||
| 337 |
_asin mediación _bn _2rdamedia |
||
| 338 |
_avolumen _bnc _2rdacarrier |
||
| 490 | 0 | _aMira y aprende | |
| 650 | 0 | 7 |
_aEntomología _2lemb _920876 |
| 650 | 1 | 7 |
_aInsectos _2lemb _968078 |
| 650 | 0 | 7 |
_aInvertebrados _2lemb _968079 |
| 650 | 1 | 7 |
_aLibros ilustrados para niños _2rnbp _92001 |
| 700 | 1 | 0 |
_aLópez, Javier Alfonso _etrl _968080 |
| 942 |
_2ddc _cBK |
||
| 999 |
_c60225 _d60225 |
||